000 02066nam a22003257a 4500
999 _c21909
_d21909
003 AR-CdUCM
008 190425b ||||| |||| 00| 0 spa d
040 _aMUNICIPALIDAD PROVINCIAL DEL CUSCO
_cBIBLIOTECA MUNICIPAL DEL CUSCO
082 _aRev.MA/N°4/2000
110 _aUniversidad Nacional De San Antonio Abad del Cusco
_915942
245 _aMaestros Antonianos II /
_cUniversidad Nacional de San Antonio Abad del Cusco
260 _aCusco :
_bUNSAAC,
_c2000.
300 _a227 páginas. :
_c25 cm.
440 _aEdiciones Especiales UNSAAC
_nSiglo XX. N°4
_946794
505 _aContenido: Alberto Coello. La estereoquímica. -- Humberto José Castro. Nueva teoría para explicar el mecanismo de los fenómenos catalíticos i de la fermentación. -- M. Alejandro Arévalo G. Teoría Atómica y Radioactividad. -- Luis A. Pardo. El Cuzco en la era megalítica. Ruinas de Hatun Rumiyoc y otros restos. Casa de Hatun Rumiyocc. Hacia Ahuacpinta. Incatiana. Restos aislados. Estilo ciclópeo. Cuando se destruyo el Cuzco de la era megalítica. -- Oswaldo Baca Mendoza. Leyes genéticas de los elementos químicos. Nuevo sistema periódico. Tesis para optar el grado de doctor en Ciencias Naturales y Físicas. Un indicador de acidez y alcalinidad. -- Horacio Villanueva Urteaga. Prehistoria. Los primeros pobladores de Cajamarca. Las toponimias aborígenes del departamento de Cajamarca. Historia. La conquista de Cajamarca. Cajamarca colonial. -- Carlos Kalafatovich V. La edad formativa de la formación Pachatusan.
650 _aIntelectuales cusqueños
_946142
650 _aCusqueños ilustres
_946064
650 _aQuímica
_94512
650 _aCientíficos cusqueños
_946795
650 _aArqueología cusqueña
_99322
700 _aCoello, Alberto
_946796
700 _aArévalo, Alejandro
_946797
700 _aPardo, Luis A
_925736
700 _aBaca Mendoza, Oswaldo
_929966
700 _aVargas, César
_945886
700 _aVillanueva Urteaga, Horacio
_95790
700 _aKalafatovich, Carlos
_945994
942 _2ddc
_cPP
945 _arac